| 000 | 00569nam a22001937a 4500 | ||
|---|---|---|---|
| 003 | OSt | ||
| 005 | 20140310181753.0 | ||
| 008 | 130628t xxu||||| |||| 00| 0 eng d | ||
| 020 | _a9715690890 | ||
| 050 |
_aPL 5531 _b.P552 1993 |
||
| 082 |
_aFIL 899.21103 _bP538 1993 |
||
| 245 |
_aPhilippine contemporary literature in English and Filipino / _cedited by Asuncion David-Maramba. |
||
| 260 |
_aMakati City, Philippines : _bBookmark, _c1962. |
||
| 300 |
_a519 p. : _c21 cm. |
||
| 562 | _e1 | ||
| 650 | _aPhilippine Literature | ||
| 942 |
_2lcc _cBK |
||
| 999 |
_c3331 _d3331 |
||